A guide to beaches and bays of Trinidad and Tobago

Bibliographic Details
Format: Book
Language:English
PhysicalDescription:xiv, 113 s. fareb. fotogr., mp. 26 cm
Published: Trinidad and Tobago Institute of Marine Affairs c2004
ISBN:9768194170 (brož.)
Subjects:

MARC

LEADER 00000nam a2200000 a 4500
001 vtls009461920
003 SK-MaSNL
005 20260302080414.0
008 090116s2004 tr ob g f 000 0 eng
020 |a 9768194170 (brož.) 
040 |a SNK  |b slo  |c SNK  |e AACR2 
041 0 |a eng 
043 |a nwtr--- 
044 |a tr  |c TT 
072 7 |a 913(72)  |x Gegrafia Strednej Ameriky a Karibskej oblasti  |2 konspekt 
072 7 |a 502  |x Životné prostredie a jeho ochrana  |2 konspekt 
080 |a 502.2:338.483.11  |2 2001 
080 |a 913(729.87)  |2 2001 
080 |a (729.87)  |2 2001 
080 |a (035)913  |2 2001 
245 0 2 |a A guide to beaches and bays of Trinidad and Tobago 
260 |a Trinidad and Tobago  |b Institute of Marine Affairs  |c c2004 
300 |a xiv, 113 s.  |b fareb. fotogr., mp.  |c 26 cm 
504 |a Obsahuje bibliogr. 
650 0 7 |a prírodné zaujímavosti  |2 SNKPH  |9 67558 
650 0 7 |a pobrežie a zátoky  |2 SNKPH  |9 744491 
651 7 |a Trinidad a Tobago  |2 SNKPH  |9 161118 
655 7 |a turistickí sprievodcovia (publikácie)  |2 SNKPH  |9 191298 
919 |a 976-8194-17-0 
999 |c 1172972  |d 1174902 
952 |a SNK  |b SNK  |y VYP  |7 0  |p 17A0610352  |o snkIB 71950  |i snk2009/3347  |8 2  |g 9.96  |0 0  |1 0  |4 0  |d 2009-01-16  |l 0  |r 2026-02-24 21:11:07  |w 2026-02-24